| 000 | 02229nam1a22002771i 4500 | ||
|---|---|---|---|
| 001 | rc\1579041 | ||
| 005 | 20240723194542.0 | ||
| 035 | _a(NLR Aleph) 005288749 | ||
| 090 |
_a6169170 _c6169170 |
||
| 100 | _a20061002d1893 u||y0rusy50 ca | ||
| 101 | 0 |
_arus _alav _ager |
|
| 102 | _aRU | ||
| 105 | _ay e ||||| | ||
| 200 | 1 | _aСлова из учебного руководства "Русская речь" М. Вольпера, переведенные на латышский и немецкий язык Г. Плакисом | |
| 205 | _a2-е изд. | ||
| 210 |
_aРига _cкнижный магазин Ф.И. Трескиной _d1893 |
||
| 215 | _d21 | ||
| 311 | _aПрил. к: Русская речь: учебное руководство, примененное к обучению русскому языку в тех школах, в которых дети при поступлении не умеют говорить по-русски: в трех выпусках: [с 600 рисунками в тексте]: (орфография по Руководству академика Грота) / М. Вольпер. - С.-Петербург: издание Д.Д. Полубояринова, 1893-1894 - 3 т. | ||
| 422 | 0 |
_12001#$aРусская речь$eучебное руководство, примененное к обучению русскому языку в тех школах, в которых дети при поступлении не умеют говорить по-русски$eв трех выпусках$e[с 600 рисунками в тексте]$e(орфография по Руководству академика Грота)$fМ. Вольпер _1210##$aС.-Петербург$cиздание Д.Д. Полубояринова$d1893-1894 _1700#1$3RU\NLR\AUTH\7766229$7ca$aВольпер$bМ. А.$f1851-$gМихаил Акимович _tРусская речь _aВольпер, Михаил Акимович (1851-) |
|
| 700 | 1 |
_aПлакис _bГ. _4730 _4220 |
|
| 801 | 2 |
_aRU _bNLR _c20080702 _2rusmarc |
|
| 801 | 0 |
_aRU _bNLR _c20061002 _gpsbo |
|
| 801 | 0 |
_aRU _bRuMoRGB _c20061002 _2psbo |
|
| 801 | 1 |
_aRU _bProSoft-M _c20061002 _2rusmarc |
|
| 852 |
_aNLR _j18.268.4.10 (вып. 1) |
||
| 942 | _cBOOK | ||